Bankový marketing.

Bankový marketing. Pozícia hlavných domácich a zahraničných bánk pôsobiacich vo Švajčiarsku. Zmeny v podieloch na obchodnom obrate domácich a zahraničných bánk vo Švajčiarsku. Sortiment bankových služieb. Hodnotenie bánk. Zmeny bankového prostredia - faktory zvyšujúce konkurencieschopnosť. Kritéria...

Ausführliche Beschreibung

Gespeichert in:
Bibliographische Detailangaben
Format: Buchkapitel
Sprache:Tschechisch
Schlagworte:
Tags: Tag hinzufügen
Keine Tags, Fügen Sie das erste Tag hinzu!

MARC

LEADER 00000naa a2200000 4500
001 r012812
005 20221205080305.6
041 0 |a cze 
044 |a SK 
245 1 0 |a Bankový marketing. 
520 |a Bankový marketing. Pozícia hlavných domácich a zahraničných bánk pôsobiacich vo Švajčiarsku. Zmeny v podieloch na obchodnom obrate domácich a zahraničných bánk vo Švajčiarsku. Sortiment bankových služieb. Hodnotenie bánk. Zmeny bankového prostredia - faktory zvyšujúce konkurencieschopnosť. Kritéria pre výber banky - nároky zákazníka. Bankovníctvo orientované na zákazníka a transakcie. Zoznam tovarov na Bratislavskej komoditnej burze. 
610 2 0 |a banky 
610 2 0 |a banky medzinárodné 
610 2 0 |a marketing 
610 2 0 |a Švajčiarsko 
610 2 0 |a konkurencieschopnosť 
610 2 0 |a zákazníci 
610 2 0 |a služby 
610 2 0 |a Bratislavská medzinárodná komoditná burza